000 00392cam a2200157ua 4500
041 _aeng
_h
082 _a003.857
_bOTT/CH
100 _aOtt, Edward .
245 _aChaos in dynamical systems /
_cEdward Ott.
_hTextual Documents
250 _a2 /
_b.
260 _aCambridge :
_bCambridge University Press ,
_c2002.
300 _a ; .
504 _a
942 _cBK
999 _c13531
_d13531